00420nam a22001097a 4500082001500000100002000015245006500035260003200100300002900132500009300161856005600254 aMSIT-6 AHM aAli Ahmad Malik aSelf-Adaptive access control & delegation in cloud computing aIslamabadbNUST-SEECSc2016 a71p.b27cm.eCD Includes aSupervisors: Dr. Shahzad Saleem, Ms. Hirra Anwar, Mr. Ubaid ur Rehman, Ms. Ayesha Kanwal uhttp://10.250.8.41:8080/xmlui/handle/123456789/6608